| 000 | 00000nam 2200000za 4500 |
| 001 | 9.674598 |
| 003 | CaOODSP |
| 005 | 20250120164558 |
| 007 | cr ||||||||||| |
| 008 | 150407|2007||||xxc|||||o f|0| 0 chi d |
| 020 | |a978-0-662-02996-0 |
| 040 | |aCaOODSP|bfre |
| 041 | |achi |
| 043 | |an-cn--- |
| 086 | 1 |aCD4-47/2007Ch-PDF |
| 110 | 1 |aCanada.|bAgence canadienne de développement international. |
| 245 | 10|a[Programme de l'ACDI pour la Chine - égalité entre les sexes] |h[ressource électronique] |
| 250 | |a[Édition chinois]. |
| 260 | |aGatineau - Québec : |bAgence canadienne de développement international |cc2007. |
| 300 | |a41p.|btableaux, photographies |
| 500 | |aL'ISBN (978-0-662-46645-1) de l'édition imprimée a été incorrectement copié dans la version PDF. |
| 500 | |aPublié aussi en français sous le titre : Programme de l'ACDI pour la Chine - égalité entre les sexes. |
| 546 | |aTexte en chinois. |
| 590 | |a12-23-Supp|b2012-05-28 |
| 691 | 07|aÉgalité des sexes|2gcpds |
| 775 | 08|tProgramme de l'ACDI pour la Chine - égalité entre les sexes |w(CaOODSP)9.634508 |
| 776 | 0#|tCIDA China Program - Gender Equality toolkit |w(CaOODSP)9.669081 |
| 791 | |t[CIDA China Program - gender equality toolkit] |eeng|w(CaOODSP)9.674597 |
| 856 | 40|ahttp://publications.gc.ca|qPDF|s19 324 Ko|uhttps://publications.gc.ca/collections/collection_2012/acdi-cida/CD4-47-2007-chi.pdf |